El arte y su sombra

Gardado en:
Detalles Bibliográficos
Autor Principal: Perniola, Mario (autor)
Formato: Libro
Idioma:Lingua castelá
Publicado: Madrid Cátedra 2002
Edición:1a. ed
Series:Teorema
Subjects:
Tags: Engadir etiqueta
Sen Etiquetas, Sexa o primeiro en etiquetar este rexistro!

MARC

LEADER 00000cam a2200000 a 4500
001 UCE7107
003 CL-VaPUC
008 150529e20020000sp |||||||||||||||||spa|d
020 |a 8437619920 
082 0 4 |a 700.1  |b PER  |2 21 
100 |a Perniola, Mario  |e autor  |9 602728 
245 1 3 |a El arte y su sombra 
250 |a 1a. ed 
300 |a 111 p 
942 |c BK 
945 |d 20150529 15:00:00  |a dcastane 
260 |a Madrid  |b Cátedra  |c 2002 
650 0 |a Filosofía del arte  |9 264951 
583 |a last modification  |c 20150529 15:00:00  |k Rodrigo Vera 
490 0 |a Teorema 
999 |c 359241  |d 359239 
952 |0 0  |1 0  |3 erb  |4 0  |6 700_100000000000000_PER_2002  |7 0  |8 A  |9 468381  |a BIBART  |b BIBART  |i 5161215  |l 2  |o 700.1 PER 2002  |p 5161215  |q 2025-04-30  |r 2025-04-23  |s 2025-04-23  |w 2019-11-23  |y BK  |z Catalogado en:20150529  |k ART